000 01000nam a2200265Ia 4500
003 OSt
005 20221005113347.0
006 a|||||r|||| 00| 0
007 ta
008 221004b |||||||| |||| 00| 0 pan d
020 _a9788194087359 (hbk)
_cINR 250.00
024 _a66714
037 _bSP/5335, 28/01/2020, Star Publications Pvt. Ltd.
_cTextual
040 _aCRL
_cCRL
_bpan
041 _2pan
_apan
082 _aO153,3NDH5,BT, Q9
100 _aਪਾਲੀਵਾਲ, ਮਹਿੰਦਰਪਾਲ, ਂਚ.
245 0 _aਬੇਚੈਨ ਥੇਮਗ਼
260 _aਬਰਗਾੜੀ
_bਪੀਪਲਗ਼ ਖ਼ੋਰਮ ਭਾਰਤ
_c2019
300 _a311ਪ੍ਰ0
_ccm.
650 _a ਪੰਜਾਬੀ ਕਹਾਣੀ
650 _aਪੰਜਾਬੀ ਸਾਹਿਤ
942 _hO153,3NDH5,BT, Q9
_cTEXL
_2cc
999 _c1027904
_d1027904